[Event "Pan American Intercollegiate-chT"]
[Site "Seattle"]
[Date "2023.01.06"]
[Round "2"]
[White "Repka, Christopher"]
[Black "Nakada, Akira W"]
[Result "1-0"]
[WhiteElo "2511"]
[BlackElo "2304"]
[PlyCount "67"]
[EventDate "2023.01.05"]
[EventType "team-swiss"]
[EventRounds "6"]
[EventCountry "USA"]
[SourceTitle "CBM 212 Extra"]
[Source "ChessBase"]
[SourceDate "2023.03.31"]
[SourceVersion "1"]
[SourceVersionDate "2023.03.31"]
[SourceQuality "1"]
[WhiteTeam "Missouri Univ"]
[BlackTeam "Harvard"]
[WhiteTeamCountry "USA"]
[BlackTeamCountry "USA"]

1. d4 Nf6 2. c4 e6 3. Nf3 Bb4+ 4. Nbd2 b6 5. g3 Bb7 6. Bg2 0-0 7. 0-0 a5 8. e4 Nxe4 9. Nxe4 Bxe4 10. c5 a4 11. a3 Ba5 12. Qxa4 Bd2 13. Qb3 Bxc1 14. Raxc1 Nc6 15. Rfe1 Bd5 16. Qd3 Ra4 17. b4 f6 18. Nh4 Ne7 19. c6 Bxc6 20. Bxc6 Nxc6 21. d5 Ne5 22. Qb3 Qa8 23. Re3 exd5 24. Rxc7 Kh8 25. Qc3 Nc4 26. Re7 Rxa3 27. Qd4 Ne5 28. Rcxd7 Nxd7 29. Qg4 Ra1+ 30. Kg2 d4+ 31. Kh3 g5 32. Qxd7 g4+ 33. Qxg4 Rg8 34. Qd7 1-0

[Event "Olympiad-44"]
[Site "Chennai"]
[Date "2022.08.06"]
[Round "8.4"]
[White "Repka, Christopher"]
[Black "Urkedal, Frode Olav Olsen"]
[Result "1/2-1/2"]
[WhiteElo "2516"]
[BlackElo "2555"]
[PlyCount "120"]
[EventDate "2022.07.29"]
[EventType "team-swiss"]
[EventRounds "11"]
[EventCountry "IND"]
[SourceTitle "CBM 210"]
[Source "ChessBase"]
[SourceDate "2022.10.31"]
[SourceVersion "1"]
[SourceVersionDate "2022.10.31"]
[SourceQuality "1"]
[WhiteTeam "Slovakia"]
[BlackTeam "Norway"]
[WhiteTeamCountry "SVK"]
[BlackTeamCountry "NOR"]

1. d4 Nf6 2. c4 e6 3. Nc3 Bb4 4. e3 0-0 5. Bd3 d5 6. Nf3 dxc4 7. Bxc4 c5 8. 0-0 cxd4 9. exd4 b6 10. Qa4 Be7 11. Be3 Bb7 12. Ne5 Qe8 13. Bb5 Qd8 14. Qb3 Nd5 15. Bc4 Nxc3 16. bxc3 Kh8 17. f4 Nc6 18. Nxc6 Bxc6 19. f5 Bd6 20. f6 gxf6 21. d5 exd5 22. Bd3 Rg8 23. Bd4 Be5 24. Rf5 Rg5 25. Raf1 Rxf5 26. Bxf5 Qe7 27. Qd1 Rg8 28. Qh5 Rg7 29. Qh4 Bxd4+ 30. cxd4 Qe3+ 31. Kh1 Bb5 32. Re1 Qd2 33. Rg1 Bf1 34. Bh3 Bd3 35. Qxf6 Qg5 36. Qd6 Be4 37. Qf8+ Rg8 38. Qxf7 Qg7 39. Qxg7+ Rxg7 40. Rc1 Re7 41. Kg1 Bd3 42. Rc8+ Kg7 43. a3 a5 44. Rd8 b5 45. Bg4 b4 46. axb4 axb4 47. Rb8 Re4 48. Bf3 Rxd4 49. Kf2 Bc2 50. Ke3 Rd3+ 51. Kf4 b3 52. Ke5 d4 53. Bd5 Rd2 54. Bxb3 d3 55. Kd4 Rf2 56. Kc3 Bxb3 57. Rxb3 Rxg2 58. Kxd3 Rxh2 59. Rb6 Rf2 60. Ke3 Rf7 1/2-1/2

[Event "Olympiad-44"]
[Site "Chennai"]
[Date "2022.08.01"]
[Round "4.4"]
[White "Shevchenko, Kirill"]
[Black "Repka, Christopher"]
[Result "1/2-1/2"]
[WhiteElo "2654"]
[BlackElo "2516"]
[PlyCount "90"]
[EventDate "2022.07.29"]
[EventType "team-swiss"]
[EventRounds "11"]
[EventCountry "IND"]
[SourceTitle "CBM 210"]
[Source "ChessBase"]
[SourceDate "2022.10.31"]
[SourceVersion "1"]
[SourceVersionDate "2022.10.31"]
[SourceQuality "1"]
[WhiteTeam "Ukraine"]
[BlackTeam "Slovakia"]
[WhiteTeamCountry "UKR"]
[BlackTeamCountry "SVK"]

1. e4 e5 2. Nf3 Nc6 3. Bb5 Nge7 4. Nc3 Ng6 5. d4 Nxd4 6. Nxd4 exd4 7. Qxd4 c6 8. Bc4 b5 9. Be2 Qb6 10. Be3 Qxd4 11. Bxd4 b4 12. Na4 Nf4 13. Bf1 Ne6 14. Be3 d5 15. exd5 cxd5 16. Bb5+ Bd7 17. Bxd7+ Kxd7 18. 0-0-0 Kc6 19. Rd2 Be7 20. Rhd1 Rhd8 21. c3 Bf6 22. Rd3 bxc3 23. bxc3 Rac8 24. Nb2 a5 25. Kc2 a4 26. Nxa4 Ra8 27. Nb2 Rxa2 28. Kb1 Ra3 29. Bd4 Nxd4 30. cxd4 Rxd3 31. Rxd3 Re8 32. Kc2 Re2+ 33. Rd2 Rxd2+ 34. Kxd2 Bxd4 35. Nd3 Kb5 36. Ke2 Kc4 37. h3 Bf6 38. Ne1 Bc3 39. Nd3 Kd4 40. Nc1 Bb4 41. Nd3 Bd6 42. Ne1 Ke4 43. Nd3 f5 44. Nc1 g5 45. Nd3 h5 1/2-1/2

[Event "Olympiad-44"]
[Site "Chennai"]
[Date "2022.07.31"]
[Round "3.4"]
[White "Ilkhomi, Jaloliddin"]
[Black "Repka, Christopher"]
[Result "0-1"]
[WhiteElo "2076"]
[BlackElo "2516"]
[PlyCount "78"]
[EventDate "2022.07.29"]
[EventType "team-swiss"]
[EventRounds "11"]
[EventCountry "IND"]
[SourceTitle "CBM 210"]
[Source "ChessBase"]
[SourceDate "2022.10.31"]
[SourceVersion "1"]
[SourceVersionDate "2022.10.31"]
[SourceQuality "1"]
[WhiteTeam "Tajikistan"]
[BlackTeam "Slovakia"]
[WhiteTeamCountry "TJK"]
[BlackTeamCountry "SVK"]

1. d4 d5 2. Bf4 c5 3. e3 Nc6 4. c3 Qb6 5. Qb3 c4 6. Qc2 e5 7. dxe5 Bf5 8. Qd2 g5 9. Bxg5 Nxe5 10. Qd4 Qe6 11. Nf3 Bg7 12. Nxe5 Bxe5 13. Qd1 f6 14. Bh4 Ne7 15. Bg3 h5 16. Nd2 0-0-0 17. Bxe5 fxe5 18. b3 h4 19. Be2 Rhg8 20. Nf3 Be4 21. bxc4 Qf6 22. Rf1 Kb8 23. cxd5 Nxd5 24. Qb3 h3 25. Nd2 Bxg2 26. Rg1 Rgf8 27. 0-0-0 Qxf2 28. Rde1 Qxe3 29. Bf3 Qxc3+ 30. Qxc3 Nxc3 31. Bxg2 Nxa2+ 32. Kb1 Rxd2 33. Bxh3 Nc3+ 34. Kc1 Rxh2 35. Bg4 Rff2 36. Bd1 Ra2 37. Rg8+ Kc7 38. Rg7+ Kd6 39. Rg6+ Kc5 0-1

[Event "Olympiad-44"]
[Site "Chennai"]
[Date "2022.07.29"]
[Round "1.3"]
[White "Repka, Christopher"]
[Black "Maiga, Baba Moulaye Abdall"]
[Result "1-0"]
[WhiteElo "2516"]
[BlackElo "1822"]
[PlyCount "85"]
[EventDate "2022.07.29"]
[EventType "team-swiss"]
[EventRounds "11"]
[EventCountry "IND"]
[SourceTitle "CBM 210"]
[Source "ChessBase"]
[SourceDate "2022.10.31"]
[SourceVersion "1"]
[SourceVersionDate "2022.10.31"]
[SourceQuality "1"]
[WhiteTeam "Slovakia"]
[BlackTeam "Mali"]
[WhiteTeamCountry "SVK"]
[BlackTeamCountry "MLI"]

1. Nf3 Nc6 2. d4 d5 3. c4 e6 4. e3 Bb4+ 5. Nbd2 Nf6 6. Bd3 Ne4 7. a3 Bxd2+ 8. Nxd2 f5 9. Qh5+ g6 10. Qh6 Qe7 11. 0-0 Bd7 12. b4 Qg5 13. Qxg5 Nxg5 14. Bb2 Ne7 15. Rfc1 c6 16. Nb3 Rc8 17. a4 Ne4 18. a5 Nd6 19. c5 Ne4 20. a6 Rc7 21. f3 Nf6 22. Bc3 bxa6 23. Bxa6 Bc8 24. Be2 Bd7 25. Be1 Kf7 26. Ba6 Rb8 27. Ra4 Bc8 28. Bg3 Bxa6 29. Bxc7 Rb7 30. Rxa6 Rxc7 31. Rca1 Nc8 32. Na5 Ne7 33. b5 cxb5 34. Rb1 Ne8 35. Rxb5 Nc8 36. Nc6 Nf6 37. Nd8+ Ke7 38. Nxe6 Rd7 39. Rb8 Nd6 40. Nf8 Nde8 41. Nxd7 Kxd7 42. Rxa7+ Nc7 43. Rf8 1-0

[Event "Chicago op 31st"]
[Site "Chicago"]
[Date "2022.05.27"]
[Round "2"]
[White "Repka, Christopher"]
[Black "Talukdar, Rohan Shyam"]
[Result "1-0"]
[WhiteElo "2524"]
[BlackElo "2323"]
[PlyCount "81"]
[EventDate "2022.05.26"]
[EventType "swiss"]
[EventRounds "9"]
[EventCountry "USA"]
[SourceTitle "CBM 208 Extra"]
[Source "ChessBase"]
[SourceDate "2022.07.31"]
[SourceVersion "1"]
[SourceVersionDate "2022.07.31"]
[SourceQuality "1"]

1. d4 Nf6 2. c4 g6 3. Nc3 d5 4. cxd5 Nxd5 5. e4 Nxc3 6. bxc3 Bg7 7. Nf3 c5 8. h3 0-0 9. Be2 b6 10. Be3 Bb7 11. Qd3 Ba6 12. Qd2 Bxe2 13. Qxe2 cxd4 14. cxd4 Nc6 15. Rd1 Rc8 16. 0-0 Qd7 17. d5 Na5 18. Bd4 Bxd4 19. Rxd4 Rc5 20. Qe3 Nc4 21. Qh6 f6 22. Rc1 Rfc8 23. Re1 Qc7 24. Rdd1 Ne5 25. Nd4 Nf7 26. Qh4 Rc4 27. Ne6 Qe5 28. f4 Qb2 29. Qg4 Rc1 30. Kh2 Rxd1 31. Rxd1 Rc4 32. Qf3 Rc3 33. Rd3 Rc2 34. e5 fxe5 35. f5 e4 36. Qxe4 Nd6 37. Qg4 Nxf5 38. Qf4 Kf7 39. Rg3 Qc1 40. Qe5 Nxg3 41. Qg7+ 1-0

[Event "Saint Louis Congress GM"]
[Site "Saint Louis"]
[Date "2022.05.24"]
[Round "9"]
[White "Ruiz Castillo, Joshua Daniel"]
[Black "Repka, Christopher"]
[Result "1-0"]
[WhiteElo "2473"]
[BlackElo "2524"]
[PlyCount "65"]
[EventDate "2022.05.19"]
[EventType "tourn"]
[EventRounds "9"]
[EventCountry "USA"]
[EventCategory "9"]
[SourceTitle "CBM 208 Extra"]
[Source "ChessBase"]
[SourceDate "2022.07.31"]
[SourceVersion "1"]
[SourceVersionDate "2022.07.31"]
[SourceQuality "1"]

1. e4 e6 2. d4 d5 3. Nc3 Nf6 4. e5 Nfd7 5. f4 c5 6. Nf3 Nc6 7. Be3 a6 8. Qd2 b5 9. Qf2 Qa5 10. Bd3 Nb4 11. 0-0 g6 12. dxc5 Nxd3 13. cxd3 b4 14. c6 bxc3 15. cxd7+ Bxd7 16. bxc3 Qxc3 17. Rac1 Qxd3 18. Bc5 Rc8 19. Bxf8 Rxc1 20. Rxc1 Kxf8 21. h3 Kg7 22. Rc7 Qb5 23. Nd4 Qa4 24. f5 exf5 25. e6 fxe6 26. Nxe6+ Kf6 27. Nc5 Qd1+ 28. Kh2 Bb5 29. Qh4+ Ke5 30. Qe7+ Kd4 31. Nb3+ Kd3 32. Nc1+ Kd4 33. Qc5+ 1-0

[Event "Saint Louis Congress GM"]
[Site "Saint Louis"]
[Date "2022.05.22"]
[Round "7"]
[White "Schitco, Ivan"]
[Black "Repka, Christopher"]
[Result "1/2-1/2"]
[WhiteElo "2484"]
[BlackElo "2524"]
[PlyCount "34"]
[EventDate "2022.05.19"]
[EventType "tourn"]
[EventRounds "9"]
[EventCountry "USA"]
[EventCategory "9"]
[SourceTitle "CBM 208 Extra"]
[Source "ChessBase"]
[SourceDate "2022.07.31"]
[SourceVersion "1"]
[SourceVersionDate "2022.07.31"]
[SourceQuality "1"]

1. c4 e5 2. g3 Nf6 3. Bg2 Bc5 4. Nc3 c6 5. e3 Bb6 6. d4 exd4 7. exd4 d5 8. cxd5 Nxd5 9. Nxd5 cxd5 10. Ne2 Bg4 11. h3 Bh5 12. 0-0 0-0 13. Qd3 Bg6 14. Qb3 Be4 15. Nc3 Bxg2 16. Kxg2 Nc6 17. Be3 Ne7 1/2-1/2

[Event "Saint Louis Spring-B"]
[Site "Saint Louis"]
[Date "2022.03.10"]
[Round "9"]
[White "Stremavicius, Titas"]
[Black "Repka, Christopher"]
[Result "1-0"]
[WhiteElo "2520"]
[BlackElo "2508"]
[PlyCount "82"]
[EventDate "2022.03.02"]
[EventType "tourn"]
[EventRounds "9"]
[EventCountry "USA"]
[EventCategory "11"]
[SourceTitle "CBM 207 Extra"]
[Source "ChessBase"]
[SourceDate "2022.05.31"]
[SourceVersion "1"]
[SourceVersionDate "2022.05.31"]
[SourceQuality "1"]

1. c4 e5 2. Nc3 Bb4 3. Qc2 d6 4. e3 c5 5. g3 Ne7 6. Bg2 Nbc6 7. Nge2 Bf5 8. d3 Qd7 9. h3 0-0 10. Bd2 Bxc3 11. bxc3 Be6 12. Rd1 f5 13. Bc1 Rad8 14. 0-0 f4 15. exf4 Bxh3 16. d4 Bxg2 17. Kxg2 Qf5 18. Qxf5 Nxf5 19. g4 Nfe7 20. f5 Na5 21. Bg5 Kf7 22. Rfe1 Rfe8 23. dxe5 dxe5 24. Rxd8 Rxd8 25. Nf4 Nxc4 26. Ne6 Re8 27. Re4 b5 28. Nc7 Rb8 29. a4 Nc6 30. Nxb5 N6a5 31. Nxa7 Rb2 32. Nc6 Ra2 33. Nxa5 Nxa5 34. Bd8 Nc6 35. Bb6 Ne7 36. Bxc5 Nd5 37. Rxe5 Nxc3 38. g5 Nxa4 39. Re7+ Kf8 40. Re2+ Nxc5 41. Rxa2 h6 1-0

[Event "Saint Louis Spring-B"]
[Site "Saint Louis"]
[Date "2022.03.09"]
[Round "8"]
[White "Repka, Christopher"]
[Black "Mishra, Abhimanyu"]
[Result "0-1"]
[WhiteElo "2508"]
[BlackElo "2505"]
[PlyCount "110"]
[EventDate "2022.03.02"]
[EventType "tourn"]
[EventRounds "9"]
[EventCountry "USA"]
[EventCategory "11"]
[SourceTitle "CBM 207 Extra"]
[Source "ChessBase"]
[SourceDate "2022.05.31"]
[SourceVersion "1"]
[SourceVersionDate "2022.05.31"]
[SourceQuality "1"]

1. d4 d5 2. c4 c6 3. Nf3 Nf6 4. Nc3 e6 5. g3 dxc4 6. Bg2 Nbd7 7. 0-0 b5 8. Ng5 Qb6 9. b3 cxb3 10. Qxb3 Be7 11. Bf4 Bb7 12. a4 a6 13. Nge4 0-0 14. Nd6 Bxd6 15. Bxd6 Rfc8 16. Rfd1 c5 17. dxc5 Nxc5 18. Bxc5 Rxc5 19. axb5 Rf5 20. Bf3 Ng4 21. Rf1 Bxf3 22. exf3 Ne5 23. Ne4 Nxf3+ 24. Kg2 Qb7 25. Qe3 Ng5 26. bxa6 Qxe4+ 27. Qxe4 Nxe4 28. a7 Rc5 29. f3 Rc2+ 30. Kg1 Nf6 31. Rfb1 Rcc8 32. Rb7 g6 33. Rab1 Rf8 34. h4 Nd5 35. Rd7 Kg7 36. Rbb7 h6 37. Kf2 g5 38. hxg5 hxg5 39. Ke2 Kf6 40. Kd3 Ke5 41. Rxf7 Rxf7 42. Rxf7 Nb4+ 43. Ke3 Nc6 44. Rc7 Kd6 45. Rg7 Rxa7 46. Rxg5 Ra3+ 47. Kf2 e5 48. Rg6+ Kd5 49. Rg5 Kc4 50. Kg2 Re3 51. Rg8 Nd4 52. Rf8 Re2+ 53. Kh3 Rf2 54. Kg4 Kd3 55. Ra8 Rxf3 0-1

[Event "Saint Louis Spring-B"]
[Site "Saint Louis"]
[Date "2022.03.08"]
[Round "7"]
[White "Repka, Christopher"]
[Black "Yoo, Christopher Woojin"]
[Result "1-0"]
[WhiteElo "2508"]
[BlackElo "2514"]
[PlyCount "151"]
[EventDate "2022.03.02"]
[EventType "tourn"]
[EventRounds "9"]
[EventCountry "USA"]
[EventCategory "11"]
[SourceTitle "CBM 207 Extra"]
[Source "ChessBase"]
[SourceDate "2022.05.31"]
[SourceVersion "1"]
[SourceVersionDate "2022.05.31"]
[SourceQuality "1"]

1. Nf3 d5 2. g3 c5 3. Bg2 Nf6 4. 0-0 e6 5. b3 Be7 6. Bb2 0-0 7. c4 d4 8. e3 Nc6 9. exd4 cxd4 10. Re1 Re8 11. d3 Bc5 12. Ne5 Nxe5 13. Rxe5 Qd6 14. f4 a5 15. a4 Rb8 16. Na3 Bd7 17. Ra2 Qb6 18. Nb5 Bxb5 19. axb5 Nd7 20. Re4 Nf6 21. Re5 Nd7 22. Re2 Bb4 23. Kh1 Rbd8 24. Qa1 e5 25. fxe5 Nxe5 26. Qd1 Ng4 27. Bc1 Ne3 28. Qg1 f5 29. Bf3 Re7 30. Qf2 Kh8 31. Bg2 Qf6 32. Qf3 Rde8 33. Bh3 g6 34. Kg1 Kg7 35. Rf2 h5 36. Rae2 b6 37. Qc6 Re6 38. Qd7+ R8e7 39. Qd8 h4 40. Rf4 Rd6 41. Qa8 g5 42. Rff2 g4 43. Bg2 hxg3 44. hxg3 Rf7 45. Bb2 Nd1 46. Bd5 Nxf2 47. Kxf2 Rf8 48. Qb7+ Kg6 49. Bc1 Rh8 50. Bf4 Rh2+ 51. Bg2 Rh7 52. Qc8 Rd8 53. Qc6 Re7 54. Rxe7 Bxe7 55. Be5 Qxc6 56. bxc6 Rc8 57. c7 Bf6 58. Bd6 Be7 59. Bxe7 Rxc7 60. Bd8 a4 61. bxa4 Ra7 62. Bc6 f4 63. Bxb6 Re7 64. Bxd4 f3 65. Be4+ Kh5 66. a5 Re6 67. Bb6 Kg5 68. c5 Re8 69. c6 Rh8 70. Be3+ Kh5 71. c7 Rc8 72. Bb6 Kg5 73. a6 Rh8 74. Be3+ Kh5 75. a7 Rb8 76. Bg6+ 1-0

[Event "Saint Louis Spring-B"]
[Site "Saint Louis"]
[Date "2022.03.06"]
[Round "5"]
[White "Repka, Christopher"]
[Black "Mikaelyan, Arman"]
[Result "1/2-1/2"]
[WhiteElo "2508"]
[BlackElo "2497"]
[PlyCount "91"]
[EventDate "2022.03.02"]
[EventType "tourn"]
[EventRounds "9"]
[EventCountry "USA"]
[EventCategory "11"]
[SourceTitle "CBM 207 Extra"]
[Source "ChessBase"]
[SourceDate "2022.05.31"]
[SourceVersion "1"]
[SourceVersionDate "2022.05.31"]
[SourceQuality "1"]

1. Nf3 d5 2. c4 c6 3. g3 Nf6 4. Bg2 dxc4 5. 0-0 Nbd7 6. Qc2 Nb6 7. Na3 Be6 8. Ng5 Bg4 9. Nxc4 Bxe2 10. Ne5 Bh5 11. a4 h6 12. Ne4 Nbd7 13. Nxd7 Nxd7 14. a5 a6 15. d4 e6 16. Bf4 Bg6 17. Qb3 Bxe4 18. Bxe4 Qc8 19. d5 Nc5 20. dxc6 bxc6 21. Qf3 Nxe4 22. Qxe4 Qb7 23. Rac1 Rc8 24. Rfd1 Be7 25. Qd4 f6 26. Qc4 g5 27. Bd6 Kf7 28. Re1 Bxd6 29. Qxe6+ Kg6 30. Qxd6 Rhd8 31. Qa3 Rd2 32. b4 Qd7 33. Qe3 Rd4 34. Qe6 Rd6 35. Qe2 Rb8 36. Rcd1 Rd5 37. Qe4+ Qf5 38. Qe7 Qf3 39. Rxd5 Qxd5 40. h3 h5 41. g4 hxg4 42. hxg4 Rh8 43. Qe4+ Kf7 44. Qe7+ Kg6 45. Qe4+ Kf7 46. Qe7+ 1/2-1/2

[Event "Pan American Intercollegiate-chT"]
[Site "Dulles"]
[Date "2022.01.08"]
[Round "4.1"]
[White "Repka, Christopher"]
[Black "Preotu, Razvan"]
[Result "1/2-1/2"]
[WhiteElo "2510"]
[BlackElo "2473"]
[PlyCount "100"]
[EventDate "2022.01.06"]
[EventType "team-swiss"]
[EventRounds "6"]
[EventCountry "USA"]
[SourceTitle "EXT 2023"]
[Source "ChessBase"]
[SourceDate "2022.10.05"]
[SourceVersion "1"]
[SourceVersionDate "2022.10.05"]
[SourceQuality "1"]
[WhiteTeam "Missouri Univ"]
[BlackTeam "Texas Dallas Univ"]
[WhiteTeamCountry "USA"]
[BlackTeamCountry "USA"]

1. d4 Nf6 2. c4 g6 3. Nc3 d5 4. cxd5 Nxd5 5. Bd2 c5 6. e4 Nxc3 7. Bxc3 cxd4 8. Bxd4 e5 9. Bxe5 Bb4+ 10. Bc3 Bxc3+ 11. bxc3 Qa5 12. Ne2 Be6 13. Qd2 Nc6 14. Nd4 Rd8 15. Nxc6 bxc6 16. Qe3 Rb8 17. Be2 Rb2 18. 0-0 0-0 19. a4 Qb6 20. Qxb6 axb6 21. Bf3 Ra8 22. e5 Ra5 23. Bxc6 Rxe5 24. Rfb1 Ree2 25. Rxb2 Rxb2 26. h4 Rb3 27. Rc1 Bc4 28. Kh2 Kf8 29. Kg3 Ke7 30. Kf4 Kd6 31. Be4 Ra3 32. Rd1+ Kc7 33. Kg5 Rxa4 34. Rd4 Ra5+ 35. Kh6 Be6 36. Bf3 Ra2 37. Kxh7 Rxf2 38. Kg7 b5 39. Rd3 Bc4 40. Re3 Kd6 41. Kf6 Bf1 42. Kg7 Bxg2 43. Bxg2 Rxg2 44. Kxf7 Rg4 45. Rh3 Kc5 46. Kf6 Kc4 47. Kg7 Kb3 48. Kf6 Kc4 49. Kg7 Kb3 50. Kf6 Kc4 1/2-1/2

[Event "PNWCC FIDE Masters"]
[Site "Picture Lake"]
[Date "2021.09.05"]
[Round "7.1"]
[White "Vazquez, Guillermo"]
[Black "Repka, Christopher"]
[Result "1-0"]
[WhiteElo "2534"]
[BlackElo "2505"]
[PlyCount "91"]
[EventDate "2019.08.30"]
[EventType "swiss"]
[EventRounds "7"]
[EventCountry "USA"]
[SourceTitle "CBM 208 Extra"]
[Source "ChessBase"]
[SourceDate "2022.07.31"]
[SourceVersion "1"]
[SourceVersionDate "2022.07.31"]
[SourceQuality "1"]

1. e4 e5 2. Nf3 Nc6 3. Bc4 Nf6 4. d3 Bc5 5. 0-0 0-0 6. Nbd2 a6 7. a4 Ba7 8. h3 d6 9. c3 Ne7 10. Re1 Ng6 11. d4 exd4 12. cxd4 d5 13. exd5 Nxd5 14. Ne4 c6 15. Bg5 Qb6 16. a5 Qc7 17. Qd2 Be6 18. Rac1 Rae8 19. Ne5 f5 20. Nxg6 hxg6 21. Bxd5 Bxd5 22. Bf4 Qd8 23. Ng5 Rxe1+ 24. Rxe1 Re8 25. Rxe8+ Qxe8 26. Kh2 Bb8 27. Kg3 Qd8 28. Be5 Bd6 29. Bxd6 Qxd6+ 30. Qf4 Qd8 31. h4 Kf8 32. h5 gxh5 33. Qxf5+ Ke7 34. Qe5+ Kd7 35. Qxg7+ Kc8 36. Qe5 Qxa5 37. Ne6 Qb6 38. Qh8+ Kd7 39. Nc5+ Kc7 40. Qe5+ Kc8 41. Qe8+ Kc7 42. Qe5+ Kc8 43. Qe8+ Kc7 44. b4 Qxb4 45. Qe7+ Kb6 46. Qxb7+ 1-0

[Event "World op 49th"]
[Site "Philadelphia"]
[Date "2021.07.03"]
[Round "5"]
[White "Aaron, Deepak"]
[Black "Repka, Christopher"]
[Result "0-1"]
[WhiteElo "2262"]
[BlackElo "2503"]
[PlyCount "76"]
[EventDate "2021.07.01"]
[EventType "swiss"]
[EventRounds "9"]
[EventCountry "USA"]
[SourceTitle "EXT 2022"]
[Source "ChessBase"]
[SourceDate "2021.10.06"]
[SourceVersion "1"]
[SourceVersionDate "2021.10.06"]
[SourceQuality "1"]

1. e4 e5 2. Nf3 Nc6 3. d4 exd4 4. Bc4 Nf6 5. e5 d5 6. Bb5 Ne4 7. Nxd4 Bd7 8. Bxc6 bxc6 9. 0-0 Be7 10. f3 Nc5 11. f4 0-0 12. f5 Ne4 13. Nc3 Bc5 14. Na4 Qe7 15. Nxc5 Qxc5 16. Be3 Qe7 17. Bf4 c5 18. Nf3 Bxf5 19. Qxd5 Rad8 20. Qc4 Qe6 21. Qe2 h6 22. Rae1 Bh7 23. a3 c4 24. Be3 c5 25. Rd1 c3 26. b3 g5 27. Rxd8 Rxd8 28. Rd1 Nd2 29. Nxd2 Bxc2 30. Rc1 cxd2 31. Bxd2 Bf5 32. b4 Qa2 33. Rd1 c4 34. Qe3 Qc2 35. Rf1 Rxd2 36. Rxf5 Rxg2+ 37. Kf1 Rxh2 38. Rf2 Qd1+ 0-1

[Event "Philadelphia int op 14th"]
[Site "Philadelphia"]
[Date "2021.06.29"]
[Round "8"]
[White "Daggupati, Balaji"]
[Black "Repka, Christopher"]
[Result "1/2-1/2"]
[WhiteElo "2389"]
[BlackElo "2496"]
[PlyCount "102"]
[EventDate "2021.06.26"]
[EventType "swiss"]
[EventRounds "9"]
[EventCountry "USA"]
[SourceTitle "CBM 203 Extra"]
[Source "ChessBase"]
[SourceDate "2021.09.30"]
[SourceVersion "1"]
[SourceVersionDate "2021.09.30"]
[SourceQuality "1"]

1. e4 e5 2. Nf3 Nc6 3. Nc3 Nf6 4. Bb5 Nd4 5. 0-0 c6 6. Bc4 d6 7. h3 b5 8. Bb3 a5 9. a3 Nxf3+ 10. Qxf3 g5 11. d4 g4 12. hxg4 Bxg4 13. Qd3 Rg8 14. d5 a4 15. Ba2 c5 16. Qxb5+ Bd7 17. Qd3 Nh5 18. Bc4 Rb8 19. Bb5 Rxb5 20. Nxb5 Qh4 21. Nc3 c4 22. Qf3 Bg4 23. Qe3 Nf4 24. Qg3 Nxg2 25. Qxh4 Nxh4 26. Kh2 Nf3+ 27. Kg2 Bh5+ 28. Kh3 f5 29. exf5 Bg4+ 30. Kg3 Nd4 31. Be3 Bxf5+ 32. Kh2 Nf3+ 33. Kh1 Bxc2 34. Rac1 Bd3 35. Nxa4 h5 36. Nc3 Rg4 37. Rfd1 Bg7 38. Rg1 Rh4+ 39. Kg2 e4 40. Rh1 Rg4+ 41. Kh3 Kd7 42. a4 Rg6 43. a5 Bd4 44. Nd1 Be5 45. a6 Rg4 46. Nc3 Bd4 47. Nd1 Rh4+ 48. Kg2 Rg4+ 49. Kh3 Be5 50. Nc3 Rh4+ 51. Kg2 Rg4+ 1/2-1/2